| 000 | 01258 a2200181 4500 | ||
|---|---|---|---|
| 003 | Nust | ||
| 005 | 20221125163910.0 | ||
| 040 | _cNust | ||
| 082 | _a621.38132,SAB | ||
| 100 |
_aSabbagh M. Elias _9103643 |
||
| 245 |
_aCircuit analysis / _cSabbagh M. Elias |
||
| 260 |
_aThe Ronald Press Company _bNew York _c1961 |
||
| 300 |
_aviii, 455 p _billus _c24 cm |
||
| 505 | _aIntroduction (Page-3), The Electrostatic Field and Capacitance (Page-9), Electric Current and Resistance (Page-24),The Magnetic Field Magnetic Indication and Inductances (Page-37), Magnetic Circuits (Page-50), Circuits Elements (Page-56), Circuits Equilibrium Equations (Page-69), Singular Functions and System Response (Page-86), Network Transformations (Page-119), Complex Algebra (Page-146) Effective Values and Power (Page-178), The Complex Frequency Concept (Page-207), Impedance in the Complex Frequency Plane (Page-218), Resonance (Page-250), Equilibrium Equations for More General Circuits (Page-294), General Methods of Solution (Page-318), Signal Flow Diagram (Page-330), Three Phase Circuits (Page-386), Magnetically Coupled Circuits (Page-396), Fourier Series (Page-416). | ||
| 600 |
_aSabbagh M. Elias _9103643 |
||
| 650 | _aTelecommunication engineering | ||
| 942 |
_2ddc _cBK |
||
| 999 |
_c181965 _d181965 |
||